|
|
|
|
| LEADER |
01353nam a2200349 a 4500 |
| 001 |
EBC3012398 |
| 003 |
MiAaPQ |
| 005 |
20200520144314.0 |
| 006 |
m o d | |
| 007 |
cr cn||||||||| |
| 008 |
111212s2009 sz sb 000 0 eng d |
| 020 |
|
|
|z 9789221220541
|
| 020 |
|
|
|a 9789221220558 (electronic bk.)
|
| 035 |
|
|
|a (MiAaPQ)EBC3012398
|
| 035 |
|
|
|a (Au-PeEL)EBL3012398
|
| 035 |
|
|
|a (CaPaEBR)ebr10512071
|
| 035 |
|
|
|a (OCoLC)779826749
|
| 040 |
|
|
|a MiAaPQ
|c MiAaPQ
|d MiAaPQ
|
| 050 |
|
4 |
|a HD6231
|b .I58 2009
|
| 110 |
2 |
|
|a International Programme on the Elimination of Child Labour.
|
| 245 |
1 |
0 |
|a Action against child labour
|h [electronic resource] :
|b IPEC highlights 2008.
|
| 260 |
|
|
|a Geneva :
|b International Programme on the Elimination of Child Labour,
|c 2009.
|
| 300 |
|
|
|a 73 p.
|
| 504 |
|
|
|a Includes bibliographical references.
|
| 505 |
0 |
|
|a pt. 1. Implementation report -- pt. 2. Thematic highlights.
|
| 533 |
|
|
|a Electronic reproduction. Ann Arbor, MI : ProQuest, 2015. Available via World Wide Web. Access may be limited to ProQuest affiliated libraries.
|
| 650 |
|
0 |
|a Child labor.
|
| 650 |
|
0 |
|a Child labor
|x Law and legislation.
|
| 650 |
|
0 |
|a Child welfare.
|
| 655 |
|
4 |
|a Electronic books.
|
| 710 |
2 |
|
|a ProQuest (Firm)
|
| 856 |
4 |
0 |
|u https://ebookcentral.proquest.com/lib/matrademy/detail.action?docID=3012398
|z Click to View
|